| 000 | 00345nam a2200133Ia 4500 | ||
|---|---|---|---|
| 005 | 20260328104336.0 | ||
| 008 | 260328s9999||||xx |||||||||||||| ||und|| | ||
| 100 | _aOspina, Camilo | ||
| 245 | 0 |
_aNueva Visita a la GeometrĂa Descriptiva / _cCamilo Ospina |
|
| 260 | _bCIDAR | ||
| 300 | _a125 p. | ||
| 650 | _aMEDIDAS Y DIMENSIONES | ||
| 942 | _cBK | ||
| 999 |
_c11895 _d11895 |
||